000 00545nam a2200181Ia 4500
008 220216s9999 xx 000 0 und d
100 _aDeon Marine
_cet al
245 0 _aCharacterization of a cassiicolin-encoding gene from Corynespora cassiicola, pathogen of rubber tree (Hevea brasiliensis)
260 _bPlant Science
_c2012
300 _a227-237
650 _aCassiicolin
650 _aCorynespora cassiicola
650 _aDisease effector
650 _aHevea brasiliensis
650 _aToxin
856 _uAricle only
942 _cJS
999 _c55408
_d55408